Vista normal
Vista MARC
Entrada Topical Term
Número de registros utilizados en: 1
001 - CONTROL NUMBER
- control field: 13598
003 - CONTROL NUMBER IDENTIFIER
- control field: OSt
005 - DATE AND TIME OF LATEST TRANSACTION
- control field: 20210218094500.0
008 - FIXED-LENGTH DATA ELEMENTS
- fixed length control field: 210218|| aca||aabn | a|a d
040 ## - CATALOGING SOURCE
- Original cataloging agency: OSt
- Transcribing agency: OSt
150 ## - HEADING--TOPICAL TERM
- Topical term or geographic name entry element: Seguridad ciudadana
- Form subdivision: guías
- General subdivision: prevención
670 ## - SOURCE DATA FOUND
- Source citation: Work cat.: (OSt): Navarro Susino, Consuelo, autora 13597, Guía de autoprotección en justicia y paz / , 2015